000 00886nam a2200253Ia 4500
999 _c65116
_d65116
003 GCL
005 20240530110808.0
008 140319s1999 ua 000 0 ara d
040 _aGCL /
_cGCL
082 0 4 _a157.9
_bع ع
100 0 _aعبدالستار ابراهيم
245 1 0 _aعلم النفس الاكلينكى فى ميدان الطب النفسى /
_cعبدالستار ابراهيم ، عبدالله عسكر
250 _aط.2
260 _aالقاهرة :
_bمكتبة الانجلوالمصرية ،
_c1999 .
300 _a466 ص. ؛
_c24 سم.
650 0 4 _aعلم النفس
650 0 4 _aالشخصية
650 0 4 _aالعلاج النفسى
650 0 4 _aالطب وعلم النفس
650 0 4 _aعلم النفس الاكلينيكى
650 0 4 _aالاختبارات النفسية
700 0 _aعبدالله عسكر
942 _2ddc
_cBK